<?xml version="1.0" encoding="UTF-8"?>
<collection xmlns="http://www.loc.gov/MARC21/slim">
 <record>
  <leader>04077ntm a22005297i 4500</leader>
  <controlfield tag="001">000723621</controlfield>
  <controlfield tag="003">CZ-PrVSE</controlfield>
  <controlfield tag="005">20250614131007.0</controlfield>
  <controlfield tag="006">m        d</controlfield>
  <controlfield tag="007">cr n||||||||||</controlfield>
  <controlfield tag="008">250614s2025    xr     fsbm   000 0 cze d</controlfield>
  <datafield tag="STA" ind1=" " ind2=" ">
   <subfield code="a">NEZPRACOVANÝ IMPORT</subfield>
  </datafield>
  <datafield tag="040" ind1=" " ind2=" ">
   <subfield code="a">ABA006</subfield>
   <subfield code="b">cze</subfield>
   <subfield code="c">ABA006</subfield>
   <subfield code="d">ABA006</subfield>
   <subfield code="e">rda</subfield>
  </datafield>
  <datafield tag="100" ind1="1" ind2=" ">
   <subfield code="a">Podlipná, Evelína</subfield>
   <subfield code="%">ISIS:149746</subfield>
   <subfield code="4">dis</subfield>
  </datafield>
  <datafield tag="242" ind1="1" ind2="0">
   <subfield code="a">ANALYSIS OF THE STRUCTURE OF THE CZECH DIGITAL ECONOMY IN 2012–2022 AND THE POTENTIAL BENEFITS AND RISKS OF INTRODUCING A DIGITAL TAX IN THE CZECH REPUBLIC</subfield>
   <subfield code="y">eng</subfield>
  </datafield>
  <datafield tag="245" ind1="1" ind2="0">
   <subfield code="a">Analýza struktury digitální ekonomiky ČR v letech 2012-2022 a potencionálních přínosů a rizik zavedení digitální daně v ČR /</subfield>
   <subfield code="c">Evelína Podlipná</subfield>
  </datafield>
  <datafield tag="264" ind1=" " ind2="0">
   <subfield code="c">2025</subfield>
  </datafield>
  <datafield tag="300" ind1=" " ind2=" ">
   <subfield code="a">?? stran :</subfield>
   <subfield code="3">digital, PDF soubor</subfield>
  </datafield>
  <datafield tag="500" ind1=" " ind2=" ">
   <subfield code="a">Vedoucí práce: Vladimír Štípek</subfield>
  </datafield>
  <datafield tag="502" ind1=" " ind2=" ">
   <subfield code="a">Diplomová práce (Ing.)—Vysoká škola ekonomická v Praze. Národohospodářská fakulta, 2025</subfield>
  </datafield>
  <datafield tag="504" ind1=" " ind2=" ">
   <subfield code="a">Obsahuje bibliografii</subfield>
  </datafield>
  <datafield tag="516" ind1=" " ind2=" ">
   <subfield code="a">Textový (vysokoškolská kvalifikační práce)</subfield>
  </datafield>
  <datafield tag="518" ind1=" " ind2=" ">
   <subfield code="a">Rok obhajoby 2025</subfield>
  </datafield>
  <datafield tag="520" ind1="3" ind2=" ">
   <subfield code="a">Tato práce se zabývá analýzou vývoje digitální ekonomiky České republiky v letech 2012 až 2022 hodnocením potenciálních přínosů a rizik spojených se zavedením digitální daně. Hlavním cílem je formulovat doporučení pro tvůrce daňové politiky a vyhodnotit, zda by Česká republika měla zavést vlastní digitální daň na národní úrovni. Teoretická část se opírá o literární rešerši a objasňuje pojmy digitální ekonomiky a digitálních trhů, jejich charakteristické rysy a specifika zdanění v tomto prostředí. Zároveň se věnuje daňové teorii a dopadům daní na fungování ekonomiky. V praktické části je provedena analýza dat z Českého statistického úřadu a dalších relevantních zdrojů, která prokazuje dynamický růst digitální ekonomiky v České republice ve sledovaném období, zejména v oblastech investic do ICT, tržeb ICT sektoru, zahraničního obchodu s digitálními službami, zaměstnanosti ICT specialistů a míry využívání ICT obyvatelstvem. Následuje analýza návrhu digitální daně v České republice a komparace s implementací daně ve Francii, Španělsku a Itálii, doplněné o rozbor mezinárodních návrhů v rámci iniciativ OECD/G20 a Evropské unie. Srovnávány jsou odlišnosti v konstrukci daně, výši sazeb, prahových hodnotách a v očekávaných fiskálních dopadech. Závěrečná část obsahuje SWOT analýzu návrhu digitální daně České republiky, která identifikuje její silné a slabé stránky, příležitosti i hrozby. Analýza ukazuje, že převládají zejména rizika a slabé stránky. Na základě těchto zjištění práce doporučuje, aby Česká republika od záměru zavést jednostrannou digitální daň ustoupila a místo toho se aktivně zapojila do mezinárodních vyjednávání pod vedením OECD.</subfield>
  </datafield>
  <datafield tag="538" ind1=" " ind2=" ">
   <subfield code="a">Způsob přístupu: Internet</subfield>
  </datafield>
  <datafield tag="653" ind1="0" ind2=" ">
   <subfield code="a">hospodářská politika [obor dipl. práce]</subfield>
  </datafield>
  <datafield tag="655" ind1=" " ind2="7">
   <subfield code="a">diplomové práce</subfield>
   <subfield code="7">fd132022</subfield>
   <subfield code="2">czenas</subfield>
  </datafield>
  <datafield tag="655" ind1=" " ind2="9">
   <subfield code="a">master's theses</subfield>
   <subfield code="2">eczenas</subfield>
  </datafield>
  <datafield tag="690" ind1=" " ind2=" ">
   <subfield code="a">digitální ekonomika</subfield>
  </datafield>
  <datafield tag="690" ind1=" " ind2=" ">
   <subfield code="a">ICT sektor</subfield>
  </datafield>
  <datafield tag="690" ind1=" " ind2=" ">
   <subfield code="a">digitální trhy</subfield>
  </datafield>
  <datafield tag="690" ind1=" " ind2=" ">
   <subfield code="a">daňová politika</subfield>
  </datafield>
  <datafield tag="690" ind1=" " ind2=" ">
   <subfield code="a">digitální daň</subfield>
  </datafield>
  <datafield tag="690" ind1=" " ind2=" ">
   <subfield code="a">veřejné finance</subfield>
  </datafield>
  <datafield tag="700" ind1="1" ind2=" ">
   <subfield code="a">Štípek, Vladimír,</subfield>
   <subfield code="d">1986-</subfield>
   <subfield code="7">jo20251257314</subfield>
   <subfield code="4">ths</subfield>
  </datafield>
  <datafield tag="700" ind1="1" ind2=" ">
   <subfield code="a">Řežábek, Pavel,</subfield>
   <subfield code="d">1960-</subfield>
   <subfield code="7">pna2011626274</subfield>
   <subfield code="4">opn</subfield>
  </datafield>
  <datafield tag="710" ind1="2" ind2=" ">
   <subfield code="a">Vysoká škola ekonomická v Praze.</subfield>
   <subfield code="b">Národohospodářská fakulta</subfield>
   <subfield code="7">kn20010709401</subfield>
   <subfield code="4">dgg</subfield>
  </datafield>
  <datafield tag="856" ind1="4" ind2="0">
   <subfield code="u">https://insis.vse.cz/zp/90366/podrobnosti</subfield>
   <subfield code="y">VŠKP v InSIS</subfield>
  </datafield>
  <datafield tag="856" ind1="4" ind2="0">
   <subfield code="u">https://insis.vse.cz/zp/90366</subfield>
   <subfield code="y">Hlavní práce</subfield>
  </datafield>
  <datafield tag="856" ind1="4" ind2="0">
   <subfield code="u">https://insis.vse.cz/zp/90366/posudek/vedouci</subfield>
   <subfield code="y">Hodnocení vedoucího</subfield>
  </datafield>
  <datafield tag="856" ind1="4" ind2="0">
   <subfield code="u">https://insis.vse.cz/zp/90366/posudek/oponent/87164</subfield>
   <subfield code="y">Oponentura</subfield>
  </datafield>
  <datafield tag="999" ind1="4" ind2="0">
   <subfield code="u">https://insis.vse.cz/zp/90366/podrobnosti</subfield>
   <subfield code="y">dc:identifier</subfield>
  </datafield>
  <datafield tag="993" ind1=" " ind2=" ">
   <subfield code="x">NEPOSILAT</subfield>
   <subfield code="y">VSKP</subfield>
  </datafield>
  <datafield tag="999" ind1="4" ind2="9">
   <subfield code="a">vse90366</subfield>
   <subfield code="b">250612</subfield>
  </datafield>
  <datafield tag="999" ind1="4" ind2="5">
   <subfield code="x">90366</subfield>
  </datafield>
 </record>
</collection>
